| 000 | 00477nam a22001697a 4500 | ||
|---|---|---|---|
| 999 |
_c17855 _d17855 |
||
| 003 | AR-CdUCM | ||
| 008 | 190509b ||||| |||| 00| 0 spa d | ||
| 040 |
_aMUNICIPALIDAD PROVINCIAL DEL CUSCO _cBIBLIOTECA MUNICIPAL DEL CUSCO |
||
| 082 |
_a868.6 / _bQ9 |
||
| 100 |
_aQuiroga Plá, Jose Maria _911168 |
||
| 245 | _aLa realidad reflejada / | ||
| 260 |
_aMexico : _bFCE, _c1955. |
||
| 300 |
_a170 páginas ; _c17 CM. |
||
| 505 | _aPoesía | ||
| 942 |
_2ddc _cLIBROS |
||
| 945 | _awfj | ||